| 000 | 00898nam a2200241Ia 4500 | ||
|---|---|---|---|
| 003 | GCL | ||
| 008 | 140319s9999 xx 000 0 ara d | ||
| 040 |
_aGCL / _cGCL |
||
| 082 | 0 | 4 |
_a811.4 _bا ك |
| 100 | 1 | _aمحمود محمد شاكر | |
| 245 | 1 | 0 |
_aكتاب الوحشيات : _bوهو الحماسة الصغرى / _cمحمود محمد شاكر |
| 700 | 1 | _aعبدالعزيز الميمنى الراجكوتى | |
| 700 | 1 | _aابوتمام : حبيب بن اوس بن الحارث بن قيس الطائى | |
| 260 |
_aالقاهرة : _bدار المعارف ، _c1987 |
||
| 300 |
_a358 ؛ _c25 سم |
||
| 490 |
_aذخائر العرب _v33 |
||
| 650 | 0 | 4 | _aالشعر العربى |
| 650 | 0 | 4 | _aالادب العربى |
| 650 | 0 | 4 | _aالشعر الحماسى |
| 650 | 0 | 4 | _aدواوين وقصائد |
| 650 | 0 | 4 | _aالدولة العباسية الثانية |
| 942 |
_2ddc _cBK |
||
| 999 |
_c29622 _d29622 |
||